000 00282nam a2200121Ia 4500
008 241002s9999 xx 000 0 und d
082 _a303.44 BUR
100 _aBury, J. B
245 4 _aThe idea of progress
260 _aNew York:
_c1955
600 _aSocial Sciences
942 _cUC
999 _c18896
_d18896